| 000 | 00818nam a2200229Ii 4500 | ||
|---|---|---|---|
| 003 | JO-AjNU | ||
| 008 | 230605s9999||||xx |||||||||||||| ||und|| | ||
| 017 | _a2007/5/1345 | ||
| 020 | _a978-9957-11-713-9 | ||
| 040 |
_aJO-AjNU _bara _erda _cJO-AjNU |
||
| 041 | _aara | ||
| 050 | 1 | 4 | _aTX601.B3464 2008 |
| 100 | 3 |
_aالبلداوي، نزار فليح، م. مشارك علاء يوسف كنة , _eauthor _951009 |
|
| 245 | 0 | 0 | _aقائمة الطعام تخطيط -تصميم-تسويق-رقابةو اتخاذ قرارات |
| 250 | _aط1 | ||
| 264 | 3 | 1 | _aعمان:دار وائل للنشر ، 2008 |
| 300 | _a316ص | ||
| 336 |
_atext _btxt _2rdacontent |
||
| 337 |
_aunmediated _bn _2rdamedia |
||
| 338 |
_avolume _bnc _2rdacarrier |
||
| 650 | 4 |
_aالخدمة الغذائية -صناعة السياحة _951010 |
|
| 999 |
_aA22505 _c26073 _d26073 |
||